| 000 | 01134nam a2200289 i 4500 | ||
|---|---|---|---|
| 001 | 192013 | ||
| 003 | ES-MaACL | ||
| 005 | 20240205144837.0 | ||
| 008 | 221031s2001 sp 000 1 spa c | ||
| 017 |
_aS 425-2001 _bOficina Depósito Legal Santander |
||
| 020 | _a8486876894 | ||
| 040 | _cES-MaACL | ||
| 080 | _a821.134.2-14"19" | ||
| 100 | 1 |
_aRodríguez, Claudio, _d1934-1999 _eaut _998224 |
|
| 245 | 1 | 0 |
_aAlianza y condena / _cClaudio Rodríguez ; edición crítica a cargo de Luis García Jambrina. |
| 246 |
_aAlianza y condena. _bFacsímiles |
||
| 260 |
_a[Zamora] : _bDiputación de Zamora, _c[2001] |
||
| 300 |
_a1 caja ; _c33 cm |
||
| 504 | _aBibliografía: páginas [35]-36 | ||
| 505 | _aContiene: [1 volumen]. Alianza y condena (174 páginas : ilustraciones) -- [1 carpeta]. Alianza y condena. Facsímiles (5 carpetas) | ||
| 700 | 1 |
_aGarcía Jambrina, Luis, _d1960- _epbl _954794 |
|
| 710 | 2 |
_aDiputación Provincial de Zamora. _93396 |
|
| 852 | 4 |
_aES-MaACL _jN-8184 _cDEPOJ _hDonación: Editorial _9199295 |
|
| 942 |
_cMONOGRAFIA _n0 |
||
| 999 |
_c192013 _d192013 |
||